|
|
|
|
| LEADER |
00662nam a22001817a 4500 |
| 020 |
|
|
|a 9788124019856
|
| 082 |
|
|
|a M 920
|b SAR/A
|
| 100 |
|
|
|a സരസ്വതിയമ്മ, എസ്.
|
| 245 |
|
|
|a ആകാശത്തിലെ നക്ഷത്രങ്ങൾ
|
| 260 |
|
|
|a Kottayam
|b Current
|c 2014
|
| 300 |
|
|
|a 119p.
|
| 650 |
|
|
|a Memoir
|
| 650 |
|
|
|a Aakasathile nakshathrangal: aakasavani anubhavangal
|
| 650 |
|
|
|a Malayalam literature
|
| 700 |
|
|
|a Saraswathi Amma, S.
|
| 942 |
|
|
|c BK
|
| 999 |
|
|
|c 33428
|d 33428
|
| 952 |
|
|
|0 0
|1 0
|4 0
|6 M_920_000000000000000_SARA
|7 0
|8 Stack
|9 35364
|a KUCL
|b KUCL
|c Stack
|d 2015-07-07
|g 95.00
|l 0
|o M 920 SAR/A
|p 39756
|r 2015-07-07
|w 2015-07-07
|y BK
|